|
|
|
|
| LEADER |
00657nam a22001697a 4500 |
| 008 |
180215b xxu||||| |||| 00| 0 eng d |
| 100 |
|
|
|a Divya P N
|
| 245 |
|
|
|a Problems faced by women elected representatives when enterung in to the political arena /
|c Divya P N
|
| 260 |
|
|
|c c2009.
|
| 502 |
|
|
|b P.G Dissertaion
|c Department of Women's Studies , University of Calicut
|
| 504 |
|
|
|a Includes bibliographical references
|
| 650 |
|
0 |
|a Politics and government
|
| 650 |
|
0 |
|a Women elected representatives
|
| 700 |
|
|
|e Mini Sukumar
|
| 942 |
|
|
|c PD
|
| 999 |
|
|
|c 178469
|d 178469
|
| 952 |
|
|
|0 0
|1 0
|4 0
|7 0
|9 197763
|a WMS
|b WMS
|c REF
|d 2018-02-15
|i D14
|l 0
|p WMSD14
|r 2018-02-15
|w 2018-02-15
|y PD
|